000 00792cam a22002413a 4500
001 29172
003 PGUSA
005 20140828083630.0
008 090620s2009||||xxu|||||s|||||000 | eng d
040 _aPGUSA
_beng
042 _adc
050 4 _aE011
100 1 _aAbbott, John S. C.
_q(John Stevens Cabot),
_d1805-1877
245 1 0 _aFerdinand De Soto, The Discoverer of the Mississippi :
_bAmerican Pioneers and Patriots
_h[electronic resource] /
_cJohn S. C. Abbott
260 _bProject Gutenberg,
_c2009
506 _aPublic domain in the USA.
516 _aElectronic text
653 _aFlorida -- History -- To 1565
653 _aSoto, Hernando de, approximately 1500-1542
830 0 _aProject Gutenberg
_v29172
856 4 0 _uhttp://www.gutenberg.org/ebooks/29172
942 _cEB
999 _c258427
_d258427